Berühmte Wissenschaftler - Statistiken

Allgemein
  • Dieses Quiz wurde 105 mal gespielt
  • Das Durchschnittsergebnis liegt bei 9 aus 20
Antwortstatistiken
Hint Antwort % Korrekt
Entwickelte die Relativitätstheorie Albert Einstein
100%
Entwickelte die Evolutionstheorie Charles Darwin
82%
Vater der Atombombe J. Robert Oppenheimer
78%
Italienisches Universalgenie; erfand Fluggeräte, Helikopter etc. Leonardo da Vinci
73%
Kroatischer Erfinder, Forscher und Techniker Nikola Tesla
65%
Entdeckte das Dynamit Alfred Nobel
64%
Die Gravitationslehre ist auf ihn zurückzuführen Isaac Newton
61%
Entdeckte das Polonium und das Radium Marie Curie
56%
Entdeckte die X-Strahlen Wilhelm Conrad Röntgen
53%
Deutscher Begründer der Quantenmechanik Werner Heisenberg
48%
Entwickelte das heliozentrische Weltbild Nikolaus Kopernikus
44%
Führte das Thermometersystem ein Anders Celsius
40%
Universalgenie mit bahnbrechenden Erfindungen, vor allem in der Astronomie Galileo Galilei
31%
Erhielt 1922 den Nobelpreis für Physik aufgrund seiner Forschung überdie Struktur der Atome und deren Strahlung Niels Bohr
29%
Begründer der Quantenphysik Max Planck
27%
Entdeckte den Atomkern Ernest Rutherford
22%
Nach ihm wurde die atomare Masseneinheit benannt John Dalton
6%
Machte bahnbrechende Entdeckungen über das Auge und das Licht Thomas Young
4%
Entdecker der Entropie Rudolf Clausius
3%
Bekam als Einziger zwei Nobelpreise in der Phyik John Bardeen
1%
Keine übereinstimmenden Quizze gefunden
Verteilung der Resultate
Anzahl Personen mit jedem Resultat
Perzentil nach korrekt beantworteten Fragen
Ihre Resultats-Entwicklung
Sie haben dieses Quiz noch nicht gespielt